000 00565cam a22002053a 4500
001 34136
003 PGUSA
005 20140828083734.0
008 101026s2010||||xxu|||||s|||||000 | eng d
040 _aPGUSA
_beng
042 _adc
100 1 _aHay, Ian,
_d1876-1952
245 1 0 _a"Pip" :
_bA Romance of Youth
_h[electronic resource] /
_cIan Hay
260 _bProject Gutenberg,
_c2010
506 _aPublic domain in the USA.
516 _aElectronic text
830 0 _aProject Gutenberg
_v34136
856 4 0 _uhttp://www.gutenberg.org/ebooks/34136
942 _cEB
999 _c263391
_d263391